Gabinete de contabilidad 2 : actividades comerciales de empresas individuales /

Guardado en:
Autor Principal: Valsecchi, Pedro Pablo
Otros Autores: Zanetti De Londra, Marta
Formato: Libro
Publicado: Buenos Aires : Gram, 1984
Materias:
Etiquetas: Agregar Etiqueta
Sin Etiquetas, Sea el primero en etiquetar este registro!
LEADER 00992nam a22002295a 4500
001 CEM.cems006423
005 20060214000000.0
008 130507s1984##################000#0#####d
003 CEMS
082 0 4 |a 657 
100 1 |a Valsecchi, Pedro Pablo 
245 1 0 |a Gabinete de contabilidad 2 :  |b actividades comerciales de empresas individuales / 
260 |a Buenos Aires :  |b Gram,  |c 1984 
300 |a 92 p. 
505 0 |a Qu' es un gabinete de contabilidad?.-Planificaci¢n.-Creaci¢n de los equipos.-Crear la empresa.-Contrato social.-Presupuesto.-Organizaci¢n interna de la empresa.-Organizaci¢n de la contabilidad.-Mayores auxiliares. -Apertura de cuentas corrientes.-Operaciónes comerciales.-An lisis del Balance General 
653 |a Contabilidad 
653 |a Contabilidad 2do. año 
653 |a Contabilidad-gabinete 
653 |a Empresa-organizacion 
653 |a Libros de comercio 
700 1 |a Zanetti De Londra, Marta 
859 |a CEMS  |b BIB. CEMS - 11 de abril  |h 657  |i V248/II  |p 13929.86  |t Ej.1